000 01076naa a2200289 c 4500
001 41355
003 ES-MaCES
005 20110310140000.0
008 110302n2010 sp t 000 | spa d
035 _aCES20110002462v
040 _aES-MaCES
_bspa
_cES-MaCES
100 1 _aFacciano, Luis A.
_911562
245 1 4 _aLos contratos agrarios de tipo asociativo de riesgo compartido el contrato de maquila en Argentina
_cLuis A. Facciano
500 _aResumen
650 4 _acomercialización
_928269
650 4 _aintervención estatal
_929380
650 4 _arégimen especial agrario
_931017
650 4 _amercado de trabajo
_928292
650 4 _acontrato de trabajo
_928316
650 4 _atrabajador agrícola
_929480
650 4 _apolítica agraria
_927494
653 1 0 _aDerecho del trabajo y Seguridad Social
773 0 _tRevista de derecho agrario y alimentario
_gaño 25, n. 55 (jul.-dic. 2009){10422 R. 078821}; p. 53-63
_w(ES-MaCES)25431
_957361
902 _aART Artículo de revista
942 _2CES
_cAR
_h6.0.1.
999 _c41355
_d41355